Dvojčata paní Karoliny / Ronald H. Balson ; z anglického originálu Karolina's twins přeložil Jan Netolička
Román, v němž během detektivního pátrání židovská žena z Polska vypráví příběh o hrůzách nacismu a o nesmrtelném přátelství. Lena Woodwardová, elegantní a kultivovaná dáma, začala po druhé světové válce nový život v Americe, ve vyšší společnosti města Chicaga. Nyní ji znovu něco trápí a ona to nedokáže dostat z hlavy. Dávno daný a nesplněný slib, který ji nenechá spát. Lena je hnána touhou vrátit se na cestu, kterou kdysi opustila. Vyhledá pomoc právničky Catherine Lockhartové a soukromého vyšetřovatele Liama Taggarta. Ve tváři má stoický klid, v nitru však skrývá vzpomínky, které chtějí na povrch. Lena začíná vyprávět příběh, v němž se vrací do nacisty okupovaného Polska a k poutu, které ji váže k dávné přítelkyni Karolině. Karolina byla krásná, štíhlá, charismatická a plná života a Lena ji nosila v srdci celý život. Jejich příběhu však jako by chyběl konec. Otevírá se spousta otázek. Co je pravda, co ne a co je vlastně Lena ochotná ze své minulosti prozradit? Nakladatelská anotace. Kráceno.
Record details
- ISBN: 978-80-277-0138-4
- Physical Description: 335 stran ; 21 cm
- Publisher: Praha : Dobrovský s.r.o., 2021
Search for related items by subject
| Genre: | americké romány American fiction |
Search for related items by series
Available copies
- 1 of 1 copy available at Common Catalog SPOK.
Holds
- 0 current holds with 1 total copy.
Show Only Available Copies
| Location | Call Number / Copy Notes | Barcode | Shelving Location | Status | Due Date |
|---|---|---|---|---|---|
| The Jewish community of Prague | K 3846 | 4638301167 | K - Beletrie | Available | - |
| LDR | 02401nam a2200397 i 4500 | ||
|---|---|---|---|
| 001 | 53957 | ||
| 003 | CZ-PrJAB | ||
| 005 | 20230425134313.0 | ||
| 007 | ta | ||
| 008 | 211123s2021 xr g 000 f cze | ||
| 015 | . | ‡acnb003350198 | |
| 020 | . | ‡a978-80-277-0138-4 ‡q(vázáno) | |
| 035 | . | ‡a(CZ PrNK)nkc20213350198 | |
| 035 | . | ‡a(OCoLC)1378694842 | |
| 040 | . | ‡aABG001 ‡bcze ‡erda | |
| 041 | 1 | . | ‡acze ‡heng |
| 072 | 7. | ‡a821.111(73)-3 ‡xAmerická próza ‡2Konspekt ‡925 | |
| 080 | . | ‡a821.111(73)-31 ‡2MRF | |
| 080 | . | ‡a(0:82-31) ‡2MRF | |
| 100 | 1 | . | ‡aBalson, Ronald H., ‡d1944- ‡7xx0240402 ‡4aut |
| 240 | 1 | 0. | ‡aKarolina's twins. ‡lČesky |
| 245 | 1 | 0. | ‡aDvojčata paní Karoliny / ‡cRonald H. Balson ; z anglického originálu Karolina's twins přeložil Jan Netolička |
| 264 | 1. | ‡aPraha : ‡bDobrovský s.r.o., ‡c2021 | |
| 300 | . | ‡a335 stran ; ‡c21 cm | |
| 336 | . | ‡atext ‡btxt ‡2rdacontent | |
| 337 | . | ‡abez média ‡bn ‡2rdamedia | |
| 338 | . | ‡asvazek ‡bnc ‡2rdacarrier | |
| 490 | 1 | . | ‡aKontrast |
| 520 | 2 | . | ‡aRomán, v němž během detektivního pátrání židovská žena z Polska vypráví příběh o hrůzách nacismu a o nesmrtelném přátelství. ‡bLena Woodwardová, elegantní a kultivovaná dáma, začala po druhé světové válce nový život v Americe, ve vyšší společnosti města Chicaga. Nyní ji znovu něco trápí a ona to nedokáže dostat z hlavy. Dávno daný a nesplněný slib, který ji nenechá spát. Lena je hnána touhou vrátit se na cestu, kterou kdysi opustila. Vyhledá pomoc právničky Catherine Lockhartové a soukromého vyšetřovatele Liama Taggarta. Ve tváři má stoický klid, v nitru však skrývá vzpomínky, které chtějí na povrch. Lena začíná vyprávět příběh, v němž se vrací do nacisty okupovaného Polska a k poutu, které ji váže k dávné přítelkyni Karolině. Karolina byla krásná, štíhlá, charismatická a plná života a Lena ji nosila v srdci celý život. Jejich příběhu však jako by chyběl konec. Otevírá se spousta otázek. Co je pravda, co ne a co je vlastně Lena ochotná ze své minulosti prozradit? Nakladatelská anotace. Kráceno. |
| 655 | 7. | ‡aamerické romány ‡7fd131796 ‡2czenas | |
| 655 | 9. | ‡aAmerican fiction ‡2eczenas | |
| 700 | 1 | . | ‡aNetolička, Jan ‡7xx0036671 ‡4trl |
| 787 | 0 | 8. | ‡iZ cyklu: ‡tLiam Taggart & Catherine Lockhartová ‡g2 |
| 830 | 0. | ‡aKontrast | |
| 910 | . | ‡aABE461 | |
| 995 | . | ‡aska | |
| 901 | . | ‡a53957 ‡bAUTOGEN ‡c53957 ‡tbiblio | |